Inca Garcilaso: imaginación, memoria e identidad

Saved in:
Bibliografiske detaljer
Hovedforfatter: Fernández, Christian (Author)
Format: Bog
Sprog:spansk
Udgivet: Lima UNMSM 2004
Udgivelse:1a. ed
Serier:Serie Humanidades
Fag:
Tags: Tilføj Tag
Ingen Tags, Vær først til at tagge denne postø!

MARC

LEADER 00000nam a2200000 a 4500
001 UCL9812
003 CL-VaPUC
008 040827e20040000PE |||||||||||||||||spa|d
020 |a 9972462498 
082 0 4 |a Pe863.9  |b FER  |2 21 
100 0 |a Fernández, Christian  |e author  |9 487705 
245 1 0 |a Inca Garcilaso: imaginación, memoria e identidad 
250 |a 1a. ed 
300 |a 182 p 
942 |c BK 
945 |d 20040827 00:00:00  |a cmena 
260 |a Lima  |b UNMSM  |c 2004 
650 7 |a NOVELA PERUANA  |2 CL-VaPUC  |9 347320 
650 0 |a Crítica e interpretación literaria  |9 266284 
650 0 |a Análisis del discurso  |9 256696 
583 |a last modification  |c 20040827 00:00:00  |k Rodrigo Vera 
490 0 |a Serie Humanidades 
999 |c 310455  |d 310453 
952 |0 0  |1 0  |4 0  |6 PE_863_900000000000000_FER_2004  |7 0  |8 A  |9 378903  |a BIBHIS  |b BIBHIS  |d 2019-11-21  |i 4043707  |o Pe863.9 FER 2004  |p 4043707  |r 2025-01-20  |w 2019-11-21  |y BK  |k HIS